000
00299nam a22001337a 4500
008
170131b xxu||||| |||| 00| 0 eng d
020
_a
9781416036494
041
_a
eng
080
_a
61
100
_a
3
101
_a
SHMI
245
_a
SPANISH AND THE MEDICAL INTERVIEW
_c
ORTEGA, P
942
_2
udc
_c
BK
999
_c
4083
_d
4083